| Tag |
First Indicator |
Second Indicator |
Subfields |
| LEADER |
00000cam a22000001a 4500 |
| 001 |
in00004117821 |
| 005 |
20200117093740.0 |
| 006 |
m d f |
| 007 |
cr bn mmmapmmp |
| 008 |
140306s2013 mdu o f000 0 eng d |
| 035 |
|
|
|a chdc20140083
|
| 040 |
|
|
|a UMI
|c UMI
|d UtOrBLW
|
| 043 |
|
|
|a n-us---
|
| 074 |
|
|
|a 1038-A (Paper)
|
| 074 |
|
|
|a 1038-B (Microfiche)
|
| 074 |
|
|
|a 1038-C (Online)
|
| 086 |
0 |
|
|a Y 4.F 49:S.HRG.113-157
|
| 110 |
1 |
|
|a United States.
|b Congress.
|b Senate.
|b Committee on Finance.
|0 http://id.loc.gov/authorities/names/n78088975
|
| 245 |
1 |
0 |
|a President's 2013 Trade Agenda.
|
| 264 |
|
1 |
|a Bethesda, Md. :
|b ProQuest,
|c 2013.
|
| 300 |
|
|
|a 82 pages, digital, PDF file.
|
| 336 |
|
|
|a text
|b txt
|2 rdacontent
|
| 337 |
|
|
|a computer
|b c
|2 rdamedia
|
| 338 |
|
|
|a online resource
|b cr
|2 rdacarrier
|
| 500 |
|
|
|a Record is based on bibliographic data in ProQuest U.S. Congressional Hearings Digital Collection. Reuse except for individual research requires license from ProQuest, LLC.
|
| 500 |
|
|
|a Electronic resource.
|
| 533 |
|
|
|a Electronic reproduction.
|b [Bethesda, Md.] :
|c ProQuest,
|d 2014.
|e digital, PDF file.
|n ProQuest Congressional Hearings Digital Collection.
|n Mode of access: World Wide Web via ProQuest website.
|
| 538 |
|
|
|a System requirements: PDF reader software.
|
| 650 |
|
0 |
|a Foreign trade promotion
|x Government policy
|z United States.
|
| 650 |
|
0 |
|a International trade.
|0 http://id.loc.gov/authorities/subjects/sh87004890
|
| 651 |
|
0 |
|a United States
|v Commercial treaties.
|0 http://id.loc.gov/authorities/subjects/sh85139979
|
| 776 |
0 |
8 |
|i Microfiche version:
|a United States. Congress. Senate. Committee on Finance.
|t President's 2013 Trade Agenda
|o CIS 2014 S361-2
|w cis201400227
|
| 856 |
4 |
0 |
|u http://proxy.library.tamu.edu/login?url=http://search.proquest.com/congcomp/getdoc?HEARING-ID=HRG-2013-FNS-0002
|y Electronic resource (PDF)
|t 0
|
| 998 |
0 |
8 |
|a cis201400227
|
| 999 |
f |
f |
|s c7371272-b506-3f0f-81c8-e57832cf8759
|i 65c5cff0-49f2-34f8-a26a-b7987a5ebba5
|t 0
|
| 952 |
f |
f |
|a Texas A&M University
|b College Station
|c Electronic Resources
|d Available Online
|t 0
|e Y 4.F 49:S.HRG.113-157
|h Superintendent of Documents classification
|
| 998 |
f |
f |
|a Y 4.F 49:S.HRG.113-157
|t 0
|l Available Online
|